Organic Fluorine Chemistry /

Bibliographic Details
Main Author: Hudlicky, Milos, 1919-
Corporate Author: SpringerLink (Online service)
Format: eBook
Language:English
Published: Boston, MA : Springer US, 1971.
Subjects:
Online Access:Connect to the full text of this electronic book

MARC

Tag First Indicator Second Indicator Subfields
LEADER 00000cam a2200000Ma 4500
001 in00003545021
006 m o d
007 cr nn|||||||||
008 121227s1971 mau o 000 0 eng d
005 20260421164952.5
020 |a 9781461586425 (electronic bk.) 
020 |a 1461586429 (electronic bk.) 
020 |z 1461586429 
035 |a (OCoLC)840286631 
040 |a I9W  |b eng  |e pn  |c I9W  |d OCLCO  |d UV0  |d OCLCO  |d GW5XE  |d OCLCQ  |d OCLCF  |d UtOrBLW 
049 |a TXAM 
050 4 |a QD415-436 
082 0 4 |a 547  |2 23 
100 1 |a Hudlicky, Milos,  |d 1919- 
245 1 0 |a Organic Fluorine Chemistry /  |c by Miloš Hudlický. 
264 1 |a Boston, MA :  |b Springer US,  |c 1971. 
300 |a 1 online resource. 
336 |a text  |b txt  |2 rdacontent 
337 |a computer  |b c  |2 rdamedia 
338 |a online resource  |b cr  |2 rdacarrier 
500 |a Electronic resource. 
650 0 |a Chemistry. 
650 0 |a Chemistry, Organic. 
650 7 |a Chemistry.  |2 fast  |0 (OCoLC)fst00853344 
650 7 |a Chemistry, Organic.  |2 fast  |0 (OCoLC)fst00853501 
655 7 |a Electronic books.  |2 local 
710 2 |a SpringerLink (Online service) 
856 4 0 |u http://proxy.library.tamu.edu/login?url=https://link.springer.com/10.1007/978-1-4615-8642-5  |z Connect to the full text of this electronic book  |t 0 
994 |a 92  |b TXA 
999 |a MARS 
999 f f |s 4b612003-975d-3b0a-a6d3-f7828b835987  |i 7f3cf455-af14-34e7-81a6-607c2322dc9b  |t 0 
952 f f |a Texas A&M University  |b College Station  |c Electronic Resources  |s www_evans  |d Available Online  |t 0  |e QD415-436  |h Library of Congress classification 
998 f f |a QD415-436  |t 0  |l Available Online